000 00704nam a22002417a 4500
001 BR7304326
003 BR-BrBNA
005 20230928084024.0
007 ta
008 230509b bl.||||| |||| 00| 0 por d
040 _aBR-BrBNA
_bpor
_cBiblioteca Nacional de Agricultura
041 _a(Por)
072 _aE10; E50; B50
_b9320
_b/G514
090 _ 9320 BR7304326
100 1 _aChacon, V.
110 1 _aMuseu do Acucar, Recife, PE (Brasil)
_97642
245 1 _aEconomia e sociedade no Brasil, ensaios de historia economica e social compreensiva [Acucar]
260 3 _aRecife, PE (Brasil):
_c1973.
300 _a145 p.
650 _aAcucar
909 _a202309
_bLucia
_c55
_dLucia Elande
942 _cBK
999 _c16374
_d16374